Movies Quiz

Random Movies or Clickable Quiz

Tom Cruise Needs A Job Quiz Stats

 Plays Quiz Updated Feb 25, 2019

Support Sporcle.
Go Orange.
Score 0/28 Timer 06:00
0 Plays Today
% Correct
US Navy Fighter Pilot
94.5%
Vampire
90.7%
Bartender
90.5%
Sports Agent
87.2%
Secret Agent
85.7%
Lead Singer
82%
Tax Attorney
80.1%
NASCAR Driver
79.7%
US Navy Lawyer
79%
German Army Colonel
78.3%
Secret Agent
74.8%
Pool Hustler
72.6%
High School 'Future Enterpriser'
71.2%
PreCrime Police Officer
68%
% Correct
Hitman
67.9%
Movie Studio Executive
65%
US Army Captain
61.5%
High School Football Player
61%
Car Dealer
60.3%
US Marine
59.6%
Bare Knuckle Boxer
56.3%
Military School Cadet
55.9%
Doctor
50.6%
Crane Operator
48.2%
Self-Help Guru
46.7%
Gas Station Employee
46.3%
US Senator
40.5%
Publisher
38.2%

You're not logged in!

Compare scores with friends on all Sporcle quizzes.
OR
Log In

From the Vault

North America: Are They Neighbors?

by WalshyMusic

Presumably, Kyrgyzstan doesn't border any North American country.
Remove Ads.
Support Sporcle.
Get the best of Sporcle when you Go Orange. This ad-free experience offers more features, more stats, and more fun while also helping to support Sporcle. Thank you for becoming a member.

Show Comments

Extras

Top Quizzes Today


Score Distribution

Your Account Isn't Verified!

In order to create a playlist on Sporcle, you need to verify the email address you used during registration. Go to your Sporcle Settings to finish the process.

Report this User

Report this user for behavior that violates our Community Guidelines.

Details: